<?xml version="1.0" encoding="UTF-8"?>
<collection xmlns="http://www.loc.gov/MARC21/slim">
 <record>
  <leader>01403nam a22002177a 4500</leader>
  <controlfield tag="001">NCT_36207</controlfield>
  <controlfield tag="008">180523b        xxu||||| |||| 00| 0 vie d</controlfield>
  <datafield tag="999" ind1=" " ind2=" ">
   <subfield code="c">1746</subfield>
   <subfield code="d">1746</subfield>
  </datafield>
  <datafield tag="020" ind1=" " ind2=" ">
   <subfield code="a">9786045726884</subfield>
   <subfield code="c">2000000</subfield>
  </datafield>
  <datafield tag="082" ind1="0" ind2="4">
   <subfield code="2">23rd ed.</subfield>
   <subfield code="a">595.77</subfield>
   <subfield code="b">K310/T.3</subfield>
  </datafield>
  <datafield tag="100" ind1="1" ind2=" ">
   <subfield code="a">Nguyễn Văn Kim</subfield>
   <subfield code="e">Chủ biên</subfield>
  </datafield>
  <datafield tag="245" ind1="1" ind2="0">
   <subfield code="a">Vùng đất Nam bộ</subfield>
   <subfield code="n">Tập III</subfield>
   <subfield code="p">Từ thế kỷ VII đến thế kỷ XVI</subfield>
   <subfield code="c">Nguyễn Văn Kim</subfield>
  </datafield>
  <datafield tag="260" ind1=" " ind2=" ">
   <subfield code="a">H.</subfield>
   <subfield code="b">Chính trị Quốc gia Sự thât</subfield>
   <subfield code="c">2017</subfield>
  </datafield>
  <datafield tag="300" ind1=" " ind2=" ">
   <subfield code="a">593tr.</subfield>
   <subfield code="b">ảnh minh họa</subfield>
   <subfield code="c">24cm</subfield>
  </datafield>
  <datafield tag="520" ind1="3" ind2=" ">
   <subfield code="a">Nội dung tài liệu gồm 4 chương: Chương 1: nam bộ thế kỷ VII-XVI thành tựu nghiên cứu và những vấn đề đặt ra; Chương 2: Nam bộ thời kỳ lục chân lạp- thủy chân lạp; Chương 3: nam bộ trong các mối giao lưu và quan hệ khu vực; Chương 4 điện mạo Nam bộ thế kỷ VII- XVI.</subfield>
  </datafield>
  <datafield tag="653" ind1=" " ind2=" ">
   <subfield code="a">Khoa học Cơ bản</subfield>
  </datafield>
  <datafield tag="655" ind1=" " ind2=" ">
   <subfield code="a">Kinh tế Chính trị</subfield>
  </datafield>
  <datafield tag="942" ind1=" " ind2=" ">
   <subfield code="2">ddc</subfield>
   <subfield code="c">BK</subfield>
  </datafield>
  <datafield tag="952" ind1=" " ind2=" ">
   <subfield code="0">0</subfield>
   <subfield code="1">0</subfield>
   <subfield code="2">ddc</subfield>
   <subfield code="4">0</subfield>
   <subfield code="6">595_770000000000000_K310_T_3</subfield>
   <subfield code="7">0</subfield>
   <subfield code="9">8587</subfield>
   <subfield code="a">000001</subfield>
   <subfield code="b">000001</subfield>
   <subfield code="d">2018-05-23</subfield>
   <subfield code="o">595.77 K310/T.3</subfield>
   <subfield code="p">MD.11345</subfield>
   <subfield code="r">2018-05-23</subfield>
   <subfield code="w">2018-05-23</subfield>
   <subfield code="y">BK</subfield>
  </datafield>
  <datafield tag="952" ind1=" " ind2=" ">
   <subfield code="0">0</subfield>
   <subfield code="1">0</subfield>
   <subfield code="2">ddc</subfield>
   <subfield code="4">0</subfield>
   <subfield code="6">595_770000000000000_K310_T_3</subfield>
   <subfield code="7">0</subfield>
   <subfield code="9">8588</subfield>
   <subfield code="a">000001</subfield>
   <subfield code="b">000001</subfield>
   <subfield code="d">2018-05-23</subfield>
   <subfield code="o">595.77 K310/T.3</subfield>
   <subfield code="p">MD.12143</subfield>
   <subfield code="r">2018-05-23</subfield>
   <subfield code="w">2018-05-23</subfield>
   <subfield code="y">BK</subfield>
  </datafield>
  <datafield tag="980" ind1=" " ind2=" ">
   <subfield code="a">Thư viện Trường Đại học Nam Cần Thơ</subfield>
  </datafield>
 </record>
</collection>
